Poissons, reptiles et amphibiens suisses - Statistiques

Statistiques générales
  • Ce quiz a été pris 45 fois
  • Le résultat moyen est 8 sur 57
Statistiques - réponses
Par images Réponse % Correct
Anguille
82%
Esturgeon
68%
Silure
59%
Brochet
44%
Carpe
44%
Tanche
35%
Perche
32%
Orvet
29%
Lézard des murailles
24%
Couleuvre à collier
21%
Lézard vert
21%
Salamandre tachetée
21%
Crapaud commun
18%
Epinoche
18%
Grenouille verte
18%
Sandre
18%
Vipère aspic
18%
Grenouille rousse
15%
Rainette verte
15%
Sonneur à ventre jaune
15%
Truite arc-en-ciel
15%
Cistude d'Europe
12%
Couleuvre verte et jaune
12%
Crapaud accoucheur
12%
Crapaud vert
12%
Vairon
12%
Couleuvre vipérine
9%
Grenouille agile
9%
Grenouille de Lessona
9%
Loche franche
9%
Salamandre noire
9%
Triton alpestre
9%
Triton palmé
9%
Coronnelle lisse
6%
Grenouille rieuse
6%
Rainette italienne
6%
Triton crêté
6%
Triton lobé
6%
Vipère péliade
6%
Brème franche
3%
Couleuvre d'Esculape
3%
Crapaud calamite
3%
Lézard agile
3%
Nase
3%
Ombre
3%
Rotengle
3%
Triton crêté italien
3%
Barbeau commun
0%
Chablot
0%
Chevaine
0%
Corégones
0%
Couleuvre tessellée
0%
Grenouille de Lataste
0%
Lézard vivipare
0%
Lotte
0%
Omble chevalier
0%
Truite de rivière
0%
Aucun quiz correspondant
Distribution des résultats
% des personnes avec chaque résultat
Percentile par nombre de réponses
Votre historique - résultats
Vous n’avez pas pris ce quiz